الثورجية : (Record no. 16327)
[ view plain ]
| 000 -الفاتح | |
|---|---|
| حقل البيانات ثابتة الطول | 00994nam a22002417a 4500 |
| 003 - محدد رقم الضبط | |
| رقم الضبط | EG-ScBUE |
| 005 - وقت وتاريخ اخر تعامل مع التسجيلة | |
| رقم الضبط | 20190504112839.0 |
| 008 - عناصر البيانات ثابتة الطول - معلومات عامة | |
| حقل البيانات ثابتة الطول | 111215s2011 ua|||||r|||| 00| 0 ara d |
| 020 ## - الرقم الدولى المعيارى للكتب | |
| الرقم الدولى المعيارى للكتاب | 9789776378315 |
| 040 ## - مصدر الفهرسة | |
| وكالة الفهرسة الأصلية | EG-ScBUE |
| لغة الفهرسة | ara |
| وكالة النسخ | EG-ScBUE |
| وكالة التعديل | EG-ScBUE |
| 082 04 - رقم تصنيف ديوى العشرى | |
| رقم التصنيف | 320.962 |
| رقم المادة | ع ا د |
| رقم الطبعة | 22 |
| 100 ## - المدخل الرئيسى - إسم شخصى | |
| 9 (RLIN) | 28144 |
| الإسم الشخصى | عادل، سيد |
| 245 ## - بيان العنوان | |
| العنوان | الثورجية : |
| بقية العنوان | دفتر حضور وانصراف / |
| بيان المسئوليه,etc | سيد عادل، محمد الزمزمي. |
| 246 ## - العنوان الموازى | |
| عنوان صحيح/عنوان مختصر | دفتر حضور وانصراف |
| 250 ## - بيان الطبعة | |
| بيان الطبعة | ط. 1. |
| 260 ## - PUBLICATION, DISTRIBUTION, ETC. (IMPRINT) | |
| مكان الناشر او الموزع | القاهرة : |
| اسم الناشر او الموزع | دار المصري للنشر والتوزيع، |
| تاريخ النشر أو التوزيع | 2011 |
| 300 ## - الوصف المادى | |
| التعداد | 128 ص. ؛ |
| أبعاد الوعاء | 24 سم. |
| 651 #7 - المدخل الاضافى بالموضوع - اسم جغرافى | |
| 9 (RLIN) | 28142 |
| الاسم الجغرافي | مصر |
| التقسيم الفرعي العام | الاحوال الاجتماعية |
| التقسيم الفرعي الزمني | العصر الحديث |
| -- | ثورة 25 يناير 2011. |
| مصدر الرأس أو المصطلح | BUEsh |
| 651 #7 - المدخل الاضافى بالموضوع - اسم جغرافى | |
| 9 (RLIN) | 28143 |
| الاسم الجغرافي | مصر |
| التقسيم الفرعي العام | الاحوال السياسية |
| التقسيم الفرعي الزمني | العصر الحديث |
| -- | ثورة 25 يناير 2011. |
| مصدر الرأس أو المصطلح | BUEsh |
| 653 ## - مصطلح تكشيفى غير مقيد | |
| Resource For college | BAEPS, Political Science |
| Arrived date list | December2011 |
| 700 ## - المدخل الاضافى - اسم شخصى | |
| 9 (RLIN) | 28145 |
| الإسم الشخصى | الزمزمي، محمد |
| 942 ## - عناصر المدخل الإضافي( كوها) | |
| مصدر التصنيف او مخطط الترفيف | Dewey Decimal Classification |
| Koha [default] item type | Book - Borrowing |
| حالة التراجع | حالة الفقد | مصدر التصنيف او خطة الترفيف | حالة تلف | ليس للاعارة | مجموعات كوها | المكان الدائم | المكان الحالي | موقع الترفيف | تاريخ الاكتساب | Source of acquisition | سعر الشراء الطبيعي | تعداد مسلسل / التسلسل الزمني | رقم الاستدعاء | الباركود | Date last seen | نوع الوعاء |
|---|---|---|---|---|---|---|---|---|---|---|---|---|---|---|---|---|
| Dewey Decimal Classification | Alef book stores | Central Library | Central Library | First floor | 15/12/2011 | Purchase | 15.00 | 3159 | 320.962 ع ا د | 000025838 | 15/07/2025 | Book - Borrowing |